000 00375nam a2200133Ia 4500
008 220217s9999||||xx |||||||||||||| ||und||
020 _a9788131510193
082 _a620.001 DIX
100 _aDon, Gossedin
_92863
245 0 _aFinite element methods for engineers
260 _aCengage learning
_bNew Delhi
_c2011
300 _aXXII, 422p.
_b299
650 _aMECHANICHAL
999 _c184524
_d184524